000 00325nam a2200133 i 4500
001 bg
100 1 _aZOLOTAVIN, A. V.
245 0 _aIzobarnyje jadra s massowym Ĩislom A=75 /
_cA.V. Zolotavin.
260 _aLeningrad,
_c1969.
040 _cBPK
041 _apol
942 _cKS
008 s pl f |000 0 pol
999 _c12667
_d12667
856 _uhttp://koha.tu.koszalin.pl/cgi-bin/koha/opac-detail.pl?biblionumber=12667
_yKatalog online BPK